LEADER 01141cam2 22002891 450 001 SOBE00034342 005 20231130080643.0 100 $a20130618d2005 |||||ita|0103 ba 101 $aita 102 $aIT 200 1 $a<<1>>Parte generale 205 $a4. ed 210 $aBologna$cMonduzzi$d2005 215 $aL, 1004 p. ; 24 cm 461 1$1001E600200015078$12001 $aDiritto amministrativo / G. Caia ... [et al.] ; a cura di L. Mazzarolli ... [et al.] 702 1$aMazzarolli, Leopoldo$3AF00004078$4070 801 0$aIT$bUNISOB$c20231130$gRICA 850 $aUNISOB 852 $aUNISOB$jGiurisprudenza|A|S$m127838 852 $aUNISOB$j340$m127839 912 $aSOBE00034342 940 $aM 102 Monografia moderna SBN 941 $aM 957 $aGiurisprudenza|A|S$b000068$i-1$gCON$d127838$hGiurisprudenzaAS$racquisto$1catenacci$2UNISOB$3UNISOB$420130618133117.0$520231130080635.0$6Spinosa$fconsultabile nell'aula studio della Facoltà di Giurisprudenza 957 $a340$b005137$i-1$gSI$d127839$racquisto$1catenacci$2UNISOB$3UNISOB$420130618133640.0$520231130080643.0$6Spinosa 996 $aParte generale$961073 997 $aUNISOB